000 01482nam a22002537a 4500
005 20260312142511.0
008 260309b |||||||| |||| 00| 0 eng d
020 _a9788131709771
040 _cAL
041 _aeng
082 _a025.04
_bBAEM
100 _aRicardo Baeza Yates
_9258632
245 _aModern information retrieval
260 _aUttar Pradesh
_bPearson
_c2024
300 _axx,513p.
_bPB
_c24x18cm
365 _2Information Science and Engineering
_aABDI/0854/26
_b₹780.00
_c
_d₹1040.00
_e25%
_f19-2-2026
520 _aAbout the Book: Modern Information Retrieval We live in the information age, where swift access to relevant information in whatever form or medium can dictate the success or failure of businesses or individuals. The timely provision of relevant information with minimal noise is critical to modern society and this is what information retrieval (IR) is all about. It is a dynamic subject, with current changes driven by the expansion of the World Wide Web, the advent of modern and inexpensive graphical user interfaces and the development of reliable and low-cost mass storage devices. Modern Information Retrieval discusses all these changes in great detail and can be used for read more
650 _aModeling
_9258301
650 _aRetrieval Evaluation
_9258302
650 _aMultimedia Languages
_9258303
650 _aLibraries and Bibliographical Systems
_9258304
700 _aRibeiro Neto, Berthier
_9258305
942 _2ddc
_cBK
999 _c241017
_d241017